Score 0/15 Timer 02:00
0 Plays Today
Hint Missing Word % Correct
You Only Live _____Twice
97.3%
_____ or Treat Trick
97.3%
Grand _____ AutoTheft
96%
_____ PeaksTwin
95.5%
_____ Eclipse Of The HeartTotal
94.2%
_____ Hilfiger CorporationTommy
91.7%
A Penny for Your _____Thoughts
91.6%
_____ Maple LeafsToronto
90.8%
Hint Missing Word % Correct
A _____ to Kill Time
88.9%
Hubble Space _____Telescope
82%
Saint _____ AquinasThomas
77.6%
_____ of VersaillesTreaty
72%
_____ Gardens, CopenhagenTivoli
34.9%
World _____ - (Sporcle Badge)Traveler
27.4%
Tintin in _____Tibet
16.8%

Today's Daily Dose

You're not logged in!

Compare scores with friends on all Sporcle quizzes.
OR
Log In

Sporcle TV

Today on Sporcle TV


Watch our educational content, quiz creation guides, and fun videos on Sporcle TV.

Show Comments

Extras

Top Quizzes Today


Score Distribution

Paid Content

Your Account Isn't Verified!

In order to create a playlist on Sporcle, you need to verify the email address you used during registration. Go to your Sporcle Settings to finish the process.

Report this User

Report this user for behavior that violates our Community Guidelines.

Details: